00685nam a22002057a 450000500170000001000150001702000270003203500140005903700130007308200100008610000160009624500680011226000300018027000630021030000230027370000160029694200240031299900190033695201240035520171214122402.0 aENG-121875 a9789380930930c1195.00 aEN-105407 bDBAD/PUB a070.4 aSoni,Sudhir aHandbook of journalism and mass communication /cby Sudhir Soni aJaipurbYking booksc2013 aH.O:18,Jain bhawan,opp.N.B.C.,Shanti nagarbJaipure302006 ax,318p.c23cm(Hbk) aSoni,Sudhir 2ddccENh070.4mSON c147989d147989 001040718NFICaDBADbBNd2017-12-14eDBAD/PUBg1195.00l0o070.4 SONpEN-105407r2017-12-14 00:00:00t1v1195.00yEN